<?xml version="1.0" encoding="UTF-8"?><?xml-stylesheet type="text/xsl" href="static/style.xsl"?><OAI-PMH xmlns="http://www.openarchives.org/OAI/2.0/" xmlns:xsi="http://www.w3.org/2001/XMLSchema-instance" xsi:schemaLocation="http://www.openarchives.org/OAI/2.0/ http://www.openarchives.org/OAI/2.0/OAI-PMH.xsd"><responseDate>2026-06-06T17:59:11Z</responseDate><request verb="GetRecord" identifier="oai:riuma.uma.es:10630/35348" metadataPrefix="marc">https://riuma.uma.es/rest/oai/request</request><GetRecord><record><header><identifier>oai:riuma.uma.es:10630/35348</identifier><datestamp>2026-02-03T10:54:56Z</datestamp><setSpec>com_10630_2254</setSpec><setSpec>col_10630_37953</setSpec></header><metadata><record xmlns="http://www.loc.gov/MARC21/slim" xmlns:dcterms="http://purl.org/dc/terms/" xmlns:doc="http://www.lyncode.com/xoai" xmlns:xsi="http://www.w3.org/2001/XMLSchema-instance" xsi:schemaLocation="http://www.loc.gov/MARC21/slim http://www.loc.gov/standards/marcxml/schema/MARC21slim.xsd">
   <leader>00925njm 22002777a 4500</leader>
   <datafield ind2=" " ind1=" " tag="042">
      <subfield code="a">dc</subfield>
   </datafield>
   <datafield ind2=" " ind1=" " tag="720">
      <subfield code="a">García-Faroldi, Livia</subfield>
      <subfield code="e">author</subfield>
   </datafield>
   <datafield ind2=" " ind1=" " tag="260">
      <subfield code="c">2024</subfield>
   </datafield>
   <datafield ind2=" " ind1=" " tag="520">
      <subfield code="a">Las redes de apoyo de cuidados son fundamentales para que las parejas españolas con hijos puedan&#xd;
conciliar sus horarios laborales y familiares. Este trabajo presenta los resultados de una investigación&#xd;
en que se entrevistó a 15 parejas heterosexuales en las que ambos miembros trabajaban a tiempo&#xd;
completo y que convivían con hijos de entre 3 y 15 años. Los objetivos que se perseguían eran tres:&#xd;
conocer las características de las redes de apoyo de cuidado de menores, analizar el papel de los&#xd;
miembros de dicha red que no son familiares, y comparar la presencia de hombres y mujeres en las&#xd;
mismas. Los resultados muestran la diversidad de redes de cuidados, ofreciendo una imagen más&#xd;
compleja y matizada de la que viene siendo habitual en otros estudios, donde se destaca&#xd;
principalmente el papel de la familia. Si bien es cierto que, cuando está disponible, la familia suele ser&#xd;
el principal proveedor de recursos, no es extraño encontrar en la red de apoyo a otros adultos que no&#xd;
son familiares, especialmente amistades íntimas y personas que se han conocido en el entorno escolar&#xd;
de los menores. Se pone también de manifiesto que los cuidados siguen siendo una tarea femenina,&#xd;
ya que la mayoría de los miembros de las redes son mujeres y tienen vínculos más fuertes con la&#xd;
madre que con el padre del menor.</subfield>
   </datafield>
   <datafield ind1="8" ind2=" " tag="024">
      <subfield code="a">García-Faroldi, Livia. No solamente la familia: las redes de apoyo de cuidado de menores de las parejas de doble ingreso. REDES Vol. 36 Núm. 1 (2025): https://doi.org/10.5565/rev/redes.1047</subfield>
   </datafield>
   <datafield ind1="8" ind2=" " tag="024">
      <subfield code="a">https://hdl.handle.net/10630/35348</subfield>
   </datafield>
   <datafield ind1="8" ind2=" " tag="024">
      <subfield code="a">10.5565/rev/redes.1047</subfield>
   </datafield>
   <datafield tag="653" ind2=" " ind1=" ">
      <subfield code="a">Trabajo y familia</subfield>
   </datafield>
   <datafield ind2="0" ind1="0" tag="245">
      <subfield code="a">No solamente la familia: las redes de apoyo de cuidado de menores de las parejas de doble ingreso</subfield>
   </datafield>
</record>
</metadata></record></GetRecord></OAI-PMH>